000 01020cam a2200277 a 4500
001 2108325
003 ARRUPE
005 20220513090806.0
008 960814s1997 enk b 001 0 eng
010 _a 96041009
020 _a0631167579
040 _aDLC
_cDLC
_dDLC
050 0 0 _aP106
_b.C5945 1997
082 0 0 _a149/.94
_220
245 0 2 _aA companion to the philosophy of language /
_cedited by Bob Hale and Crispin Wright.
260 _aOxford, UK ;
_aMalden, Mass. :
_bBlackwell Pub.,
_c1997.
300 _axiii, 721 p. ;
_c25 cm.
440 0 _aBlackwell companions to philosophy
_93342
504 _aIncludes bibliographical references and index.
650 0 _aLanguage and languages
_xPhilosophy.
700 1 _aHale, Bob,
_d1945-
_951568
700 1 _aWright, Crispin,
_d1942-
_941339
906 _a7
_bcbc
_corignew
_d1
_eocip
_f19
_gy-gencatlg
942 _2lcc
_cMONOGRAPH
999 _c131423
_d131423